Adhunik rajnaitik bisleson (Record no. 742)

MARC details
000 -LEADER
fixed length control field 00486cam a2200193ua 4500
001 - CONTROL NUMBER
control field 817
005 - DATE AND TIME OF LATEST TRANSACTION
control field 20260515113229.0
008 - FIXED-LENGTH DATA ELEMENTS--GENERAL INFORMATION
fixed length control field 110421n ii |||gr||||Z||||||asm
040 ## - CATALOGING SOURCE
Transcribing agency MAIN
082 ## - DEWEY DECIMAL CLASSIFICATION NUMBER
Classification number 320.513
245 1# - TITLE STATEMENT
Title Adhunik rajnaitik bisleson
Statement of responsibility, etc. by Purandar Gogoi
250 ## - EDITION STATEMENT
Edition statement 1st.
260 ## - PUBLICATION, DISTRIBUTION, ETC.
Place of publication, distribution, etc. Dibrugarh:
Name of publisher, distributor, etc. Banalata ,996.
300 ## - PHYSICAL DESCRIPTION
Extent 174p.:
Dimensions 7cm.
653 ## - INDEX TERM--UNCONTROLLED
Uncontrolled term political science
653 ## - INDEX TERM--UNCONTROLLED
Uncontrolled term Adhunik rajnaitik bisleson
700 ## - ADDED ENTRY--PERSONAL NAME
Personal name Gogoi, Purandar.,
Relator term Author.
942 ## - ADDED ENTRY ELEMENTS (KOHA)
Koha item type Books
Holdings
Withdrawn status Lost status Damaged status Not for loan Home library Current library Shelving location Date acquired Total checkouts Full call number Barcode Date last seen Copy number Price effective from Koha item type
        Naharkatiya College Library Naharkatiya College Library General stacks 09/19/2020   320.513 | GOG 990 09/19/2020 1 09/19/2020 Books
        Naharkatiya College Library Naharkatiya College Library General stacks 09/19/2020   320.513 | GOG 991 09/19/2020 2 09/19/2020 Books